[Event "Potiguar-ch (Women)"]
[Site "Natal"]
[Date "2016.02.27"]
[Round "4.3"]
[White "Silva, Carolina Alves"]
[Black "Sallaberry, Ana Paula Nogueira"]
[Result "1-0"]
[WhiteElo "1838"]
[BlackElo "1573"]
[PlyCount "91"]
[EventDate "2016.02.19"]
[EventType "tourn"]
[EventRounds "7"]
[EventCountry "BRA"]
[SourceTitle "EXT 2022"]
[Source "ChessBase"]
[SourceDate "2021.10.06"]
[SourceVersion "1"]
[SourceVersionDate "2021.10.06"]
[SourceQuality "1"]

1. e4 c5 2. Nf3 Nc6 3. d4 cxd4 4. Nxd4 d6 5. Bc4 Nf6 6. Nc3 Ne5 7. Bb3 g6 8. 0-0 Bg7 9. f4 Ned7 10. Be3 Nc5 11. Nf3 Nxb3 12. axb3 a6 13. Bd4 0-0 14. Qd3 b5 15. Nxb5 Bb7 16. Nc3 Nd7 17. Bxg7 Kxg7 18. Qd4+ Kg8 19. Rf2 Qb6 20. Qd2 Nc5 21. Nd5 Bxd5 22. Qxd5 Qb7 23. Nd2 Qxd5 24. exd5 Rab8 25. Re2 Rfe8 26. Nc4 f5 27. Rae1 Kf7 28. Re3 Rb5 29. Nxd6+ exd6 30. Rxe8 Ne4 31. Ra8 Rxd5 32. Rxa6 Rd2 33. Rc6 h5 34. b4 Ke7 35. b5 Kd7 36. h3 Nc5 37. Ra1 Ke6 38. b4 Nd7 39. c4 Rb2 40. Re1+ Kf7 41. Rxd6 Nf6 42. Ra1 Re2 43. Ra7+ Re7 44. Rxe7+ Kxe7 45. Rxf6 Kxf6 46. b6 1-0

[Event "Potiguar-ch (Women)"]
[Site "Natal"]
[Date "2016.02.21"]
[Round "3.2"]
[White "Barreto, Nuara Hayra Fernand"]
[Black "Silva, Carolina Alves"]
[Result "0-1"]
[WhiteElo "1565"]
[BlackElo "1838"]
[PlyCount "54"]
[EventDate "2016.02.19"]
[EventType "tourn"]
[EventRounds "7"]
[EventCountry "BRA"]
[SourceTitle "EXT 2022"]
[Source "ChessBase"]
[SourceDate "2021.10.06"]
[SourceVersion "1"]
[SourceVersionDate "2021.10.06"]
[SourceQuality "1"]

1. d4 Nf6 2. Nf3 e6 3. c4 d5 4. Nc3 Nbd7 5. Bg5 Be7 6. e3 h6 7. Bh4 0-0 8. Be2 c6 9. 0-0 dxc4 10. Bxc4 b5 11. Bd3 a6 12. Ne4 Bb7 13. Rc1 Rc8 14. Nxf6+ Nxf6 15. a3 c5 16. Bxf6 Bxf6 17. Rc2 c4 18. Be2 Qd5 19. Qd2 g5 20. Rfc1 Be7 21. Rc3 Bd6 22. Bf1 Bc7 23. R3c2 Qd6 24. Ne5 f6 25. Ng4 h5 26. g3 hxg4 27. Be2 Qd5 0-1

[Event "BRA-ch U26 (Women)"]
[Site "Uberlandia"]
[Date "2015.10.18"]
[Round "6"]
[White "Terao, Juliana Sayumi"]
[Black "Silva, Carolina Alves"]
[Result "1-0"]
[WhiteElo "2232"]
[BlackElo "1841"]
[PlyCount "79"]
[EventDate "2015.10.15"]
[EventType "swiss"]
[EventRounds "7"]
[EventCountry "BRA"]
[SourceTitle "CBM 168 Extra"]
[Source "ChessBase"]
[SourceDate "2015.10.29"]
[SourceVersion "1"]
[SourceVersionDate "2015.10.29"]
[SourceQuality "1"]

1. e4 c5 2. Nf3 Nc6 3. d4 cxd4 4. Nxd4 a6 5. c4 e6 6. Nc3 Be7 7. Be2 Nf6 8. 0-0 0-0 9. Be3 d6 10. Rc1 Bd7 11. Qd2 Rc8 12. Rfd1 Ne5 13. Nf3 Nxc4 14. Bxc4 Rxc4 15. e5 Ne8 16. exd6 Bxd6 17. Qd3 Rc8 18. Ne4 Rxc1 19. Bxc1 Bb5 20. Qd2 Bxh2+ 21. Nxh2 Qh4 22. Qf4 Qh5 23. f3 f5 24. Qe5 Bc4 25. b3 Bd5 26. Nc3 Nf6 27. Nxd5 exd5 28. Qe6+ Kh8 29. Bb2 Re8 30. Qd6 Qg5 31. Bxf6 gxf6 32. f4 Qg6 33. Nf3 Rg8 34. Rd2 h5 35. Nh4 Qg3 36. Nxf5 Qe1+ 37. Kh2 Rg4 38. Qxf6+ Kg8 39. Ne7+ Kh7 40. Qf7+ 1-0

[Event "BRA-ch U26 (Women)"]
[Site "Uberlandia"]
[Date "2015.10.15"]
[Round "1"]
[White "Matsunaga, Lange Cristina"]
[Black "Silva, Carolina Alves"]
[Result "0-1"]
[WhiteElo "1787"]
[BlackElo "1841"]
[PlyCount "50"]
[EventDate "2015.10.15"]
[EventType "swiss"]
[EventRounds "7"]
[EventCountry "BRA"]
[SourceTitle "CBM 168 Extra"]
[Source "ChessBase"]
[SourceDate "2015.10.29"]
[SourceVersion "1"]
[SourceVersionDate "2015.10.29"]
[SourceQuality "1"]

1. e4 c5 2. Nc3 Nc6 3. Nf3 Nf6 4. d4 cxd4 5. Nxd4 e5 6. Nf3 Bc5 7. h3 0-0 8. Bb5 d6 9. a3 a6 10. Be2 b5 11. Qd3 Nh5 12. Be3 Bxe3 13. Qxe3 Nf4 14. g3 Ng2+ 15. Kf1 Nxe3+ 16. fxe3 f5 17. Rd1 fxe4 18. Nxe4 Qb6 19. Nxd6 Qxe3 20. Rd3 Qc5 21. Ne4 Qxc2 22. Kf2 Nd4 23. Ned2 Nxf3 24. Rxf3 Rxf3+ 25. Bxf3 Qxd2+ 0-1

[Event "Natal Potiguar op 10th"]
[Site "Natal"]
[Date "2015.07.05"]
[Round "6"]
[White "Silva, Carolina Alves"]
[Black "Jordao Barbosa, Marcio Ferre"]
[Result "0-1"]
[WhiteElo "1815"]
[BlackElo "1945"]
[PlyCount "48"]
[EventDate "2015.07.03"]
[EventType "swiss"]
[EventRounds "6"]
[EventCountry "BRA"]
[SourceTitle "CBM 167 Extra"]
[Source "ChessBase"]
[SourceDate "2015.09.14"]
[SourceVersion "1"]
[SourceVersionDate "2015.09.14"]
[SourceQuality "1"]

1. e4 e6 2. d4 d5 3. Nc3 Nf6 4. Bg5 Bb4 5. e5 h6 6. Bxf6 gxf6 7. exf6 Qxf6 8. a3 Bxc3+ 9. bxc3 c5 10. Ne2 Nc6 11. dxc5 Bd7 12. Nd4 Rg8 13. Qd2 Rg4 14. Nb5 Kf8 15. f3 Rg5 16. f4 Rg7 17. Bd3 a6 18. Nd6 b6 19. cxb6 e5 20. Nb7 e4 21. Nc5 Bf5 22. Bf1 e3 23. Qd3 Rd8 24. Qxa6 Qxc3+ 0-1

[Event "Natal Potiguar op 10th"]
[Site "Natal"]
[Date "2015.07.04"]
[Round "3"]
[White "Pinto, Carlos Henrique Lop"]
[Black "Silva, Carolina Alves"]
[Result "1-0"]
[WhiteElo "2075"]
[BlackElo "1815"]
[PlyCount "81"]
[EventDate "2015.07.03"]
[EventType "swiss"]
[EventRounds "6"]
[EventCountry "BRA"]
[SourceTitle "CBM 167 Extra"]
[Source "ChessBase"]
[SourceDate "2015.09.14"]
[SourceVersion "1"]
[SourceVersionDate "2015.09.14"]
[SourceQuality "1"]

1. d4 Nf6 2. c4 e6 3. Nc3 d5 4. cxd5 exd5 5. Bg5 c6 6. Qc2 h6 7. Bh4 Be7 8. e3 0-0 9. Bd3 Nbd7 10. Nge2 c5 11. 0-0 c4 12. Bf5 Nb6 13. f3 Re8 14. Bf2 Bxf5 15. Qxf5 g6 16. Qc2 Bd6 17. Rae1 a6 18. h3 Qc7 19. e4 Nh5 20. e5 Bf8 21. f4 Ng7 22. g4 Qd7 23. Ng3 h5 24. gxh5 gxh5 25. Kh2 h4 26. Nge2 Re6 27. f5 Rh6 28. Rg1 Kh8 29. Rg4 f6 30. Rxg7 Bxg7 31. Be3 Rh7 32. Nf4 fxe5 33. Ng6+ Kg8 34. dxe5 d4 35. Rd1 d3 36. Qf2 Nd5 37. Nxd5 Bxe5+ 38. Nxe5 Qxd5 39. Rg1+ Kf8 40. Bc5+ Ke8 41. Qd4 1-0

[Event "BRA-ch U26 (Women)"]
[Site "Brasilia"]
[Date "2015.06.12"]
[Round "5"]
[White "Sena Moura, Danielle"]
[Black "Silva, Carolina Alves"]
[Result "1-0"]
[WhiteElo "1827"]
[BlackElo "1815"]
[PlyCount "145"]
[EventDate "2015.06.10"]
[EventType "swiss"]
[EventRounds "7"]
[EventCountry "BRA"]
[SourceTitle "CBM 167 Extra"]
[Source "ChessBase"]
[SourceDate "2015.09.14"]
[SourceVersion "1"]
[SourceVersionDate "2015.09.14"]
[SourceQuality "1"]

1. d4 Nf6 2. c4 e6 3. Nc3 d5 4. Bg5 Be7 5. e3 0-0 6. Nf3 Nbd7 7. Rc1 c6 8. Bd3 dxc4 9. Bxc4 h6 10. Bh4 b5 11. Bd3 Bb7 12. 0-0 a6 13. Bxf6 Nxf6 14. Ne4 Nxe4 15. Bxe4 Qe8 16. Ne5 Rc8 17. Qf3 Bd6 18. Nxc6 f5 19. Ne7+ Qxe7 20. Bxb7 Rb8 21. Bc6 Qg5 22. Bd7 f4 23. Bxe6+ Kh8 24. e4 Qf6 25. d5 Qxb2 26. Rc6 Qe5 27. Qc3 Qxc3 28. Rxc3 Rbd8 29. Rc6 b4 30. Rxa6 f3 31. g3 Be5 32. Rd1 Rf6 33. Rd3 g6 34. Ra4 Rxe6 35. Rxb4 Rc6 36. Rxf3 Rc1+ 37. Kg2 Rc7 38. Rb6 Kg7 39. Rd3 Rcd7 40. f4 Bd6 41. Rc3 Ra8 42. Rcc6 Rxa2+ 43. Kh3 Bf8 44. Rxg6+ Kh7 45. Rge6 Kg7 46. Rg6+ Kf7 47. Rgc6 h5 48. Rb5 Raa7 49. Kh4 Ra2 50. Kxh5 Rxh2+ 51. Kg4 Kg8 52. e5 Rg7+ 53. Kf5 Rxg3 54. Rc8 Rh5+ 55. Ke4 Rg1 56. e6 Re1+ 57. Kf3 Rxe6 58. Kg4 Reh6 59. Rbb8 Rxd5 60. Rxf8+ Kg7 61. Rfc8 Rg6+ 62. Kf3 Rf6 63. Rg8+ Kf7 64. Rgf8+ Ke7 65. Rxf6 Kxf6 66. Ke4 Rd1 67. Rb6+ Ke7 68. Kf5 Rd5+ 69. Kg6 Rd1 70. Rb7+ Ke8 71. f5 Rd6+ 72. f6 Rd1 73. Rb8+ 1-0

[Event "Natal Academia Potiguar 8th"]
[Site "Natal"]
[Date "2015.06.06"]
[Round "2.6"]
[White "Dos Anjos, Avner Augusto"]
[Black "Silva, Carolina Alves"]
[Result "0-1"]
[WhiteElo "1973"]
[BlackElo "1815"]
[PlyCount "56"]
[EventDate "2015.06.05"]
[EventType "swiss"]
[EventRounds "5"]
[EventCountry "BRA"]
[SourceTitle "EXT 2022"]
[Source "ChessBase"]
[SourceDate "2021.10.06"]
[SourceVersion "1"]
[SourceVersionDate "2021.10.06"]
[SourceQuality "1"]

1. d4 Nf6 2. Nf3 d5 3. g3 e6 4. Bg2 c5 5. c3 Be7 6. 0-0 Nc6 7. Bg5 Qb6 8. b3 0-0 9. Ne5 h6 10. Nxc6 bxc6 11. dxc5 Qxc5 12. Be3 Qd6 13. c4 Ng4 14. c5 Qc7 15. Qd2 Nxe3 16. fxe3 Bxc5 17. b4 Bb6 18. Na3 Qe5 19. Nc2 Ba6 20. a4 Rad8 21. a5 Bc7 22. Nd4 Qd6 23. Rac1 Bc4 24. Qb2 c5 25. Rxc4 dxc4 26. Nc6 cxb4 27. Ra1 c3 28. Qb3 Qd2 0-1

[Event "Recife Arraes Memorial 8th"]
[Site "Recife"]
[Date "2015.05.01"]
[Round "2"]
[White "Ferreira, Jose Alves Jr"]
[Black "Silva, Carolina Alves"]
[Result "0-1"]
[WhiteElo "1800"]
[BlackElo "1823"]
[PlyCount "82"]
[EventDate "2015.05.01"]
[EventType "swiss"]
[EventRounds "6"]
[EventCountry "BRA"]
[SourceTitle "EXT 2016"]
[Source "ChessBase"]
[SourceDate "2015.10.08"]
[SourceVersion "1"]
[SourceVersionDate "2015.10.08"]
[SourceQuality "1"]

1. e4 c5 2. Nf3 Nc6 3. Nc3 e6 4. d3 Qc7 5. Nb5 Qb8 6. g3 a6 7. Nc3 b5 8. a3 Bb7 9. Bg2 Bd6 10. 0-0 Nge7 11. Qe2 Ng6 12. b3 0-0 13. Bb2 Nge5 14. Nxe5 Bxe5 15. Nd1 Nd4 16. Bxd4 Bxd4 17. c3 Bf6 18. f4 g6 19. e5 Bg7 20. Bxb7 Qxb7 21. d4 cxd4 22. cxd4 Qd5 23. Qd3 d6 24. Ne3 Qc6 25. Rac1 Qd7 26. Rc2 dxe5 27. fxe5 Bxe5 28. Rd1 Rfd8 29. Rcd2 Qa7 30. Qe4 Bg7 31. Nc2 Rac8 32. Kg2 Qc7 33. Nb4 Qb6 34. d5 Bc3 35. Rc2 Bxb4 36. Rxc8 Rxc8 37. Qxb4 exd5 38. Rxd5 Rc2+ 39. Rd2 Qc6+ 40. Kh3 Qe6+ 41. Kg2 Qd5+ 0-1

[Event "Rio Grande do Norte zt CBX"]
[Site "Natal"]
[Date "2015.03.29"]
[Round "4.6"]
[White "Silva, Carolina Alves"]
[Black "Andrade, Roberto Luiz Costa"]
[Result "0-1"]
[WhiteElo "1814"]
[BlackElo "2206"]
[PlyCount "52"]
[EventDate "2015.03.27"]
[EventType "swiss"]
[EventRounds "5"]
[EventCountry "BRA"]
[SourceTitle "EXT 2022"]
[Source "ChessBase"]
[SourceDate "2021.10.06"]
[SourceVersion "1"]
[SourceVersionDate "2021.10.06"]
[SourceQuality "1"]

1. e4 c5 2. Nf3 a6 3. Nc3 e6 4. d4 cxd4 5. Nxd4 Qc7 6. Be2 Nf6 7. 0-0 Nc6 8. Be3 b5 9. Nxc6 dxc6 10. f4 b4 11. Na4 Nxe4 12. Bb6 Qd7 13. Qe1 Be7 14. Rd1 Qb7 15. Bf3 Nf6 16. Rd4 0-0 17. Bc5 Nd5 18. Bxd5 cxd5 19. Bxe7 Qxe7 20. Qxb4 Qxb4 21. Rxb4 a5 22. Rb6 Ba6 23. Rf3 Rfc8 24. Rc3 Be2 25. Rbc6 Rxc6 26. Rxc6 Bb5 0-1

[Event "Rio Grande do Norte zt CBX"]
[Site "Natal"]
[Date "2015.03.28"]
[Round "3.9"]
[White "Dantas, David Luan de Barro"]
[Black "Silva, Carolina Alves"]
[Result "1/2-1/2"]
[WhiteElo "1824"]
[BlackElo "1814"]
[PlyCount "67"]
[EventDate "2015.03.27"]
[EventType "swiss"]
[EventRounds "5"]
[EventCountry "BRA"]
[SourceTitle "EXT 2022"]
[Source "ChessBase"]
[SourceDate "2021.10.06"]
[SourceVersion "1"]
[SourceVersionDate "2021.10.06"]
[SourceQuality "1"]

1. Nf3 c5 2. g3 Nf6 3. Bg2 d5 4. 0-0 e5 5. Nxe5 Bd6 6. Nf3 Nc6 7. d3 h6 8. Nbd2 Bg4 9. c4 d4 10. Ne1 Qd7 11. Nc2 0-0 12. a3 Rfe8 13. Nf3 a5 14. b3 Ne5 15. Bd2 Nxf3+ 16. exf3 Bf5 17. Bc1 b5 18. f4 Rab8 19. Ra2 bxc4 20. bxc4 Rb3 21. Ne1 Reb8 22. Rd2 Rb1 23. Nc2 R8b3 24. Qe2 a4 25. Rdd1 Rxc1 26. Rxc1 Bxd3 27. Qd2 Bxf1 28. Bxf1 Ne4 29. Qd1 Bc7 30. Bd3 Nc3 31. Qf3 Qd8 32. Re1 Kf8 33. Qc6 Bd6 34. Kg2 1/2-1/2

[Event "American Continental 10th"]
[Site "Praia da Pipa"]
[Date "2014.10.26"]
[Round "11"]
[White "Silva, Carolina Alves"]
[Black "Chaves, Jorge Antonio Torre"]
[Result "1/2-1/2"]
[WhiteElo "1791"]
[BlackElo "2006"]
[PlyCount "95"]
[EventDate "2014.10.18"]
[EventType "swiss"]
[EventRounds "11"]
[EventCountry "BRA"]
[SourceTitle "EXT 2015"]
[Source "ChessBase"]
[SourceDate "2014.11.20"]
[SourceVersion "1"]
[SourceVersionDate "2014.11.20"]
[SourceQuality "1"]

1. e4 c5 2. Nf3 Nc6 3. d4 cxd4 4. Nxd4 Nf6 5. Nc3 d6 6. Be2 Bd7 7. 0-0 a6 8. a4 e6 9. Be3 Be7 10. f3 Qc7 11. Nxc6 Bxc6 12. a5 Nd7 13. f4 0-0 14. Qe1 Bf6 15. Ra3 Rac8 16. Bd3 g6 17. Qg3 Bg7 18. f5 Nf6 19. Qh3 Rfe8 20. Kh1 d5 21. Bb6 Qe5 22. exd5 exd5 23. Qh4 Ne4 24. Ne2 g5 25. Qh5 f6 26. Bd4 Qe7 27. Bxe4 dxe4 28. Rh3 Bh8 29. Nf4 Rc7 30. Ne6 Rd7 31. c3 Bd5 32. Nxg5 fxg5 33. f6 Qf7 34. Qxg5+ Bg7 35. Qxg7+ Qxg7 36. fxg7 Rf7 37. Rxf7 Bxf7 38. Kg1 Bc4 39. Rh6 Bd5 40. Rh5 Bc6 41. Kf2 e3+ 42. Bxe3 Kxg7 43. Bd4+ Kg6 44. Re5 Rf8+ 45. Kg3 Rf7 46. Re6+ Kf5 47. Re5+ Kg6 48. Re6+ 1/2-1/2

[Event "American Continental 10th"]
[Site "Praia da Pipa"]
[Date "2014.10.24"]
[Round "9"]
[White "Silva, Carolina Alves"]
[Black "Zimmermann, Kleber Renato P"]
[Result "0-1"]
[WhiteElo "1791"]
[BlackElo "1938"]
[PlyCount "88"]
[EventDate "2014.10.18"]
[EventType "swiss"]
[EventRounds "11"]
[EventCountry "BRA"]
[SourceTitle "EXT 2015"]
[Source "ChessBase"]
[SourceDate "2014.11.20"]
[SourceVersion "1"]
[SourceVersionDate "2014.11.20"]
[SourceQuality "1"]

1. e4 c5 2. Nf3 d6 3. Bc4 e6 4. 0-0 a6 5. a4 Nc6 6. Re1 Be7 7. d3 Nf6 8. Be3 0-0 9. h3 Rb8 10. Nbd2 d5 11. Ba2 dxe4 12. Nxe4 Nxe4 13. dxe4 Nb4 14. Bf4 Ra8 15. Bb3 b6 16. Re2 Bb7 17. Qxd8 Rfxd8 18. Bc7 Rdc8 19. Bxb6 c4 20. Ba2 Nxa2 21. Rxa2 c3 22. b3 a5 23. Re3 Ra6 24. Bd4 Bb4 25. Ra1 f6 26. e5 f5 27. Ne1 Rac6 28. Nd3 Rd8 29. Nxb4 axb4 30. Rd1 Rcc8 31. Ree1 Be4 32. Re2 Rd7 33. f3 Bb7 34. Kf2 Rcd8 35. Ke3 Ba6 36. Rf2 f4+ 37. Kxf4 Rxd4+ 38. Rxd4 Rxd4+ 39. Ke3 Rd5 40. f4 h5 41. g4 Kh7 42. g5 Kg6 43. Rg2 Bf1 44. Rh2 Kf5 0-1

[Event "American Continental 10th"]
[Site "Praia da Pipa"]
[Date "2014.10.22"]
[Round "6"]
[White "Silva, Carolina Alves"]
[Black "Fragoso, Evander Correa"]
[Result "0-1"]
[WhiteElo "1791"]
[BlackElo "1913"]
[PlyCount "72"]
[EventDate "2014.10.18"]
[EventType "swiss"]
[EventRounds "11"]
[EventCountry "BRA"]
[SourceTitle "EXT 2015"]
[Source "ChessBase"]
[SourceDate "2014.11.20"]
[SourceVersion "1"]
[SourceVersionDate "2014.11.20"]
[SourceQuality "1"]

1. e4 e6 2. d4 d5 3. exd5 Qxd5 4. c4 Bb4+ 5. Nc3 Bxc3+ 6. bxc3 Qa5 7. Qb3 b6 8. Rb1 Nf6 9. Ba3 Nc6 10. Nf3 Qf5 11. Rd1 Bd7 12. Bd3 Qh5 13. 0-0 Na5 14. Qb4 0-0-0 15. c5 Nd5 16. Qb2 Nf4 17. Be4 Nxg2 18. Qe2 Nf4 19. Qa6+ Kb8 20. Ne5 Bc8 21. Qxa5 Nh3+ 22. Kg2 bxa5 23. Nc6+ Ka8 24. Nxd8+ c6 25. Bxc6+ Kb8 26. Nxf7 Nf4+ 27. Kh1 Qxf7 28. Rb1+ Kc7 29. Be4 Nh3 30. c4 Qf4 31. f3 Qe3 32. d5 Nf2+ 33. Kg2 Nxe4 34. fxe4 Qxa3 35. Rf7+ Kd8 36. c6 Qxa2+ 0-1

[Event "American Continental 10th"]
[Site "Praia da Pipa"]
[Date "2014.10.20"]
[Round "4"]
[White "Freitas, Remulo Aguiar"]
[Black "Silva, Carolina Alves"]
[Result "1-0"]
[WhiteElo "1944"]
[BlackElo "1791"]
[PlyCount "95"]
[EventDate "2014.10.18"]
[EventType "swiss"]
[EventRounds "11"]
[EventCountry "BRA"]
[SourceTitle "EXT 2015"]
[Source "ChessBase"]
[SourceDate "2014.11.20"]
[SourceVersion "1"]
[SourceVersionDate "2014.11.20"]
[SourceQuality "1"]

1. d4 Nf6 2. c4 e6 3. Nc3 d5 4. Bg5 Be7 5. e3 0-0 6. Bd3 Nbd7 7. Nf3 b6 8. cxd5 exd5 9. Qc2 h6 10. Bh4 Bb7 11. 0-0 c5 12. Qe2 Re8 13. Rad1 Ne4 14. Bxe7 Qxe7 15. Bb5 Red8 16. dxc5 Nxc3 17. bxc3 Nxc5 18. Nd4 Rac8 19. Rc1 Ne4 20. Qb2 a6 21. Bd3 Nc5 22. Bf5 Rc7 23. Qxb6 g6 24. Bc2 Rd6 25. Qa5 Bc8 26. Nb3 Nb7 27. Qa3 Rxc3 28. Bxg6 Rxc1 29. Rxc1 Bh3 30. Bd3 Bxg2 31. Rc8+ Nd8 32. Rxd8+ Qxd8 33. Kxg2 Qd7 34. Qb4 d4 35. Bf5 Qc6+ 36. e4 d3 37. Kf3 Qc7 38. Qd2 Qe7 39. Qf4 Qf8 40. e5 Rb6 41. Bxd3 Rb4 42. Qf5 Qa8+ 43. Be4 Qa7 44. Qh7+ Kf8 45. Qh8+ Ke7 46. Qf6+ Kf8 47. Qxh6+ Ke7 48. Qd6+ 1-0

[Event "Carvalho Memorial op 9th"]
[Site "Juazeiro do Norte"]
[Date "2014.09.21"]
[Round "6"]
[White "Mateus, Janete de Alcantara"]
[Black "Silva, Carolina Alves"]
[Result "0-1"]
[WhiteElo "1902"]
[BlackElo "1791"]
[PlyCount "64"]
[EventDate "2014.09.19"]
[EventType "swiss"]
[EventRounds "6"]
[EventCountry "BRA"]
[SourceTitle "CBM 162 Extra"]
[Source "ChessBase"]
[SourceDate "2014.10.17"]
[SourceVersion "1"]
[SourceVersionDate "2014.10.17"]
[SourceQuality "1"]

1. d4 Nf6 2. c4 e6 3. Nc3 d5 4. Nf3 Be7 5. e3 0-0 6. Bd3 c5 7. 0-0 Nc6 8. Re1 Qc7 9. b3 cxd4 10. exd4 Rd8 11. c5 b6 12. cxb6 axb6 13. Bb2 Nb4 14. Rc1 Qb8 15. a4 Nxd3 16. Qxd3 Ba6 17. Qb1 Bb4 18. Ne5 Rc8 19. Re3 b5 20. axb5 Bxb5 21. h3 Be8 22. f3 Qb6 23. Qd3 Nh5 24. Qd1 Ng3 25. Ra1 Rxa1 26. Bxa1 Qa5 27. Ne2 Bd2 28. Kf2 Bxe3+ 29. Kxe3 Nxe2 30. Kxe2 Qa2+ 31. Ke3 Rc2 32. Qd3 Rxg2 0-1

[Event "Potiguar-ch"]
[Site "Natal"]
[Date "2014.08.22"]
[Round "6"]
[White "Rocha, Vitor Firmo de Souz"]
[Black "Silva, Carolina Alves"]
[Result "0-1"]
[WhiteElo "2021"]
[BlackElo "1713"]
[PlyCount "84"]
[EventDate "2014.08.15"]
[EventType "swiss"]
[EventRounds "9"]
[EventCountry "BRA"]
[SourceTitle "CBM 162 Extra"]
[Source "ChessBase"]
[SourceDate "2014.10.17"]
[SourceVersion "1"]
[SourceVersionDate "2014.10.17"]
[SourceQuality "1"]

1. e4 c5 2. Nf3 Nc6 3. d4 cxd4 4. Nxd4 e6 5. Nb5 d6 6. c4 a6 7. N5c3 Nf6 8. Be2 Be7 9. 0-0 0-0 10. Be3 Rb8 11. Na3 b6 12. f4 Qc7 13. Bf3 Bb7 14. Qe2 Rfc8 15. Rac1 Nb4 16. Rfd1 Nd7 17. b3 Nc5 18. Nc2 Nxc2 19. Rxc2 Bc6 20. Rcd2 Qb7 21. Bd4 Nd7 22. Bf2 Rd8 23. Nd5 Bf8 24. Nb4 Nc5 25. Nxc6 Qxc6 26. Bh4 Rd7 27. e5 Qc7 28. g4 Re8 29. Qg2 Rc8 30. Qe2 Re8 31. Bg3 Red8 32. b4 Na4 33. Qg2 dxe5 34. fxe5 Rxd2 35. Rxd2 Rxd2 36. Qxd2 Qxc4 37. Bd1 Nc3 38. Bb3 Qxb4 39. Qd3 Bc5+ 40. Kf1 Qd4 41. Qxd4 Bxd4 42. Ke1 Be3 0-1

[Event "Joao Pessoa-ch"]
[Site "Joao Pessoa"]
[Date "2014.08.02"]
[Round "3"]
[White "Dantas, Francisco"]
[Black "Silva, Carolina Alves"]
[Result "0-1"]
[WhiteElo "1996"]
[BlackElo "1713"]
[PlyCount "58"]
[EventDate "2014.08.01"]
[EventType "swiss"]
[EventRounds "6"]
[EventCountry "BRA"]
[SourceTitle "CBM 161 Extra"]
[Source "ChessBase"]
[SourceDate "2014.08.29"]
[SourceVersion "1"]
[SourceVersionDate "2014.08.29"]
[SourceQuality "1"]

1. d4 Nf6 2. Nf3 e6 3. c4 d5 4. g3 c5 5. cxd5 exd5 6. Bg2 Nc6 7. Nc3 Bf5 8. Bg5 Be7 9. 0-0 0-0 10. dxc5 d4 11. Nb5 Bxc5 12. Rc1 Qb6 13. Nh4 Be4 14. Bxf6 Bxg2 15. Kxg2 Qxb5 16. Bg5 Bb6 17. Bf4 g5 18. Qd2 gxf4 19. Qxf4 Qe5 20. Qg4+ Kh8 21. Nf3 Qxe2 22. Rfe1 Qxb2 23. Rb1 Qxa2 24. Rb5 f5 25. Rxf5 Rxf5 26. Qxf5 Qg8 27. h4 Rf8 28. Qe4 Qf7 29. Re2 Qf5 0-1

[Event "Anapolis Liga University (Women)"]
[Site "Anapolis"]
[Date "2014.05.29"]
[Round "4.3"]
[White "Fonseca, Carolina Rodrigues"]
[Black "Silva, Carolina Alves"]
[Result "1-0"]
[WhiteElo "1848"]
[BlackElo "1742"]
[PlyCount "87"]
[EventDate "2014.05.28"]
[EventType "swiss"]
[EventRounds "7"]
[EventCountry "BRA"]
[SourceTitle "EXT 2022"]
[Source "ChessBase"]
[SourceDate "2021.10.06"]
[SourceVersion "1"]
[SourceVersionDate "2021.10.06"]
[SourceQuality "1"]

1. e4 c5 2. Nf3 Nc6 3. d4 cxd4 4. Nxd4 g6 5. c4 Bg7 6. Be3 Nf6 7. Nc3 0-0 8. Be2 b6 9. 0-0 Bb7 10. f3 Rc8 11. Qd2 a6 12. Rac1 e6 13. Rfd1 Ne5 14. b3 Nc6 15. Nxc6 Bxc6 16. b4 Qc7 17. b5 Ba8 18. Na4 axb5 19. cxb5 Qb7 20. Rxc8 Rxc8 21. Nxb6 Rd8 22. a4 d5 23. exd5 Nxd5 24. Nxd5 Rxd5 25. Qc2 h5 26. Rxd5 Qxd5 27. Qc8+ Kh7 28. Qc4 Qe5 29. Bf2 Qa1+ 30. Bf1 Bd5 31. Qc2 Bf8 32. b6 Kg7 33. Be3 Bb4 34. Qc7 Ba5 35. Qb8 Bc4 36. Kf2 Qxf1+ 37. Kg3 Be1+ 38. Kh3 Bd5 39. Bd4+ f6 40. Qc7+ Kh6 41. Qf4+ Kh7 42. Qxf6 e5 43. Bxe5 Be6+ 44. Qxe6 1-0